000 00566cam a2200217 i 4500
001 4663431
005 20180110074112.0
008 800828s1981 nyua 001 0 eng
010 _a 80023582
020 _a0070042845
020 _a0070042918 (solut. man.)
040 _aDLC
_cDLC
_dDLC
041 _aeng
080 _a620.112
082 0 0 _a620.112 BEE
_219
100 1 _a26
101 _aMKT
245 1 0 _aMechanics of materials /
_cFerdinand P. Beer, E. Russell Johnston, Jr.
906 _a7
_bcbc
_corignew
_du
_eocip
_f19
_gy-gencatlg
942 _2ddc
_cBK
999 _c40004
_d40004